| 000 | 00949nam a2200277 i 4500 | ||
|---|---|---|---|
| 003 | DO-SdBNP | ||
| 005 | 20240515120441.0 | ||
| 007 | ta | ||
| 008 | 240515b2008 dr ac||| |||| 00| 0 spa d | ||
| 020 | _a9789945454130 | ||
| 040 |
_aDO-SdBNP _bspa _cBNPHU _erda |
||
| 082 | 4 | _222 | |
| 100 | 1 |
_aCastro Ventura, Santiago, _91837 _eautor |
|
| 245 | 1 | 0 |
_aTrujillo vs. Betancourt : _brivalidad perpetua ! / _cSantiago Castro Ventura ; prólogo, Sonia Medina Rodríguez |
| 264 |
_aSanto Domingo : _bManatí, _c2008. |
||
| 300 |
_a346 páginas : _bilustraciones y retratos ; _c23 cm. |
||
| 336 |
_2rdacontent _atexto _btxt |
||
| 337 |
_2rdamedia _asin mediación _bn |
||
| 338 |
_2rdacarrier _avolumen _bnc |
||
| 500 | _aIncluye datos biográficos del autor en la contracubierta | ||
| 504 | _aBibliografía : p. 329-336 | ||
| 590 | _aInventariado, 2024/BT | ||
| 700 |
_aMedina Rodríguez, Sonia, _eprólogo _9434 |
||
| 910 | _aBtavárez | ||
| 942 |
_2ddc _cLBS1 |
||
| 999 |
_c56673 _d56673 |
||